| 000 | 00000nam##2200000za#4500 |
| 001 | 9.578048 |
| 003 | CaOODSP |
| 005 | 20210624185913 |
| 007 | cr ||||||||||| |
| 008 | 150406|1985||||xxc|||||o f|0| 0 eng|d |
| 022 | |a1488-5387 |
| 040 | |aCaOODSP|beng |
| 043 | |an-cn--- |
| 086 | 1 |aFs97-4/1847E-PDF |
| 110 | 1 |aCanada. |bDepartment of Fisheries and Oceans. |
| 245 | 13|aAn aerial survey of near-shore and mid-shore lobster fishing distribution off southwestern Nova Scotia, spring and fall 1983-1984 / |h[electronic resource]|cby G.J. Sharp and R.E. Duggan. |
| 260 | |aHalifax - Nova Scotia : |bFisheries and Oceans Canada |cOctober 1985. |
| 300 | |a45p.|bfigs., graphs, maps, references |
| 490 | 1 |aCanadian manuscript report of fisheries and aquatic sciences|x1488-5387|vNo. 1847 |
| 500 | |aThe catalogue number (Fs97-4/1847E) and ISSN (0706-6473) for the print edition have been incorrectly copied in this electronic publication. |
| 546 | |a(Résumés en français) |
| 590 | |a13-27-Supp|b2013-11-15 |
| 690 | 07|aFisheries|2gcpds |
| 690 | 07|aShellfish|2gcpds |
| 720 | 1 |aDuggan, R. E. |
| 720 | 1 |aSharp, G. J. |
| 830 | #0|aCanadian manuscript report of fisheries and aquatic sciences,|x1488-5387|vNo. 1847|w(CaOODSP)9.505211 |
| 856 | 40|ahttp://publications.gc.ca|qPDF|s2.01 MB|uhttps://publications.gc.ca/collections/collection_2013/mpo-dfo/Fs97-4-1847-eng.pdf|yNo. 1847 |